000 00373nam a22001577a 4500
999 _c259820
_d259819
003 OSt
005 20230321095725.0
008 230321b xxu||||| |||| 00| 0 eng d
020 _a0273022873
040 _cN/A
100 _aRichard Lewis et al
245 _aAdvanced Financial Accounting
250 _a2nd Edition
260 _aLondon
_bPitman
_c1987
942 _2lcc
_cBK